Modern elementary statistics / (Record no. 543972)

000 -LEADER
fixed length control field 00468cam a22001578a 4500
020 ## - INTERNATIONAL STANDARD BOOK NUMBER
International Standard Book Number 0135935679 :
082 0# - DEWEY DECIMAL CLASSIFICATION NUMBER
Classification number 519.5
Author Mark FRE
-- L-4, P-31
100 1# - MAIN ENTRY--PERSONAL NAME
Personal name Freund, John E.
9 (RLIN) 34553
245 10 - TITLE STATEMENT
Title Modern elementary statistics /
Statement of responsibility, etc. John E. Freund.
250 ## - EDITION STATEMENT
Edition statement 7th ed.
260 ## - PUBLICATION, DISTRIBUTION, ETC.
Place of publication, distribution, etc. Englewood Cliffs, N.J. :
Name of publisher, distributor, etc. Prentice-Hall,
Date of publication, distribution, etc. c1988.
300 ## - PHYSICAL DESCRIPTION
Extent xiii, 574 p. :
Other physical details ill. ;
Dimensions 25 cm.
526 ## - STUDY PROGRAM INFORMATION NOTE
Program name 0
Interest level 0
Reading level 0
Title point value 519_500000000000000_FRE
650 #0 - SUBJECT ADDED ENTRY--TOPICAL TERM
Topical term or geographic name entry element Statistics.
9 (RLIN) 69
942 ## - ADDED ENTRY ELEMENTS (KOHA)
Source of classification or shelving scheme
Koha item type Book
Holdings
Withdrawn status Lost status Source of classification or shelving scheme Damaged status Not for loan Permanent Location Current Location Date acquired Total Checkouts Full call number Barcode Date last seen Date last checked out Price effective from Koha item type
          Military College of Engineering (MCE) Military College of Engineering (MCE) 04/08/2014 1 519.5 FRE MCE-25777 06/02/2016 04/18/2016 04/08/2014 Book
© 2023 Central Library, National University of Sciences and Technology. All Rights Reserved.